[Event "MCR druzstev mladsich zaku 2019"]
[Site "Trest"]
[Date "2019.06.14"]
[Round "2.3"]
[White "Zemek, Antonin"]
[Black "Smolik, Jachym"]
[Result "0-1"]
[BlackElo "1377"]
[WhiteElo "1177"]
[LiveChessVersion "1.4.8"]

1. e4 {[%clk 0:25:17]} c5 {[%clk 0:25:19]} 2. Nf3 {[%clk 0:25:05]} e6
{[%clk 0:25:28]} 3. d4 {[%clk 0:25:00]} cxd4 {[%clk 0:25:36]} 4. Nxd4
{[%clk 0:24:57]} Qb6 {[%clk 0:25:44]} 5. Nc3 {[%clk 0:24:25]} Bc5
{[%clk 0:25:35]} 6. Nce2 {[%clk 0:23:44]} e5 {[%clk 0:25:38]} 7. c3
{[%clk 0:22:06]} exd4 {[%clk 0:25:46]} 8. cxd4 {[%clk 0:21:52]} Bb4+
{[%clk 0:25:53]} 9. Bd2 {[%clk 0:21:28]} Nf6 {[%clk 0:25:42]} 10. e5
{[%clk 0:20:43]} Ne4 {[%clk 0:25:25]} 11. Bc3 {[%clk 0:20:42]} Nxc3
{[%clk 0:24:53]} 12. bxc3 {[%clk 0:20:24]} Be7 {[%clk 0:24:24]} 13. Ng3
{[%clk 0:19:30]} d6 {[%clk 0:24:23]} 14. exd6 {[%clk 0:17:44]} Qxd6
{[%clk 0:24:24]} 15. Qd2 {[%clk 0:17:08]} O-O {[%clk 0:24:10]} 16. Bd3
{[%clk 0:16:48]} Re8 {[%clk 0:23:09]} 17. O-O {[%clk 0:16:45]} Nc6
{[%clk 0:22:40]} 18. Qc2 {[%clk 0:15:42]} h6 {[%clk 0:21:07]} 19. Rfe1
{[%clk 0:15:21]} Be6 {[%clk 0:20:50]} 20. Re3 {[%clk 0:14:32]} Bg5
{[%clk 0:20:18]} 21. Ne4 {[%clk 0:14:28]} Qd8 {[%clk 0:19:37]} 22. Rg3
{[%clk 0:13:53]} Bh4 {[%clk 0:19:03]} 23. Re3 {[%clk 0:13:33]} Rc8
{[%clk 0:18:51]} 24. Qe2 {[%clk 0:12:13]} Bg5 {[%clk 0:16:09]} 25. Rg3
{[%clk 0:12:08]} Bd5 {[%clk 0:15:21]} 26. Qg4 {[%clk 0:11:28]} Bxe4
{[%clk 0:15:03]} 27. Bxe4 {[%clk 0:11:21]} Qe7 {[%clk 0:14:14]} 28. Re1
{[%clk 0:10:58]} Qd6 {[%clk 0:11:43]} 29. h4 {[%clk 0:10:45]} Bf6
{[%clk 0:08:25]} 30. Rge3 {[%clk 0:09:43]} Ne7 {[%clk 0:07:39]} 31. Rg3
{[%clk 0:07:41]} g6 {[%clk 0:06:20]} 32. h5 {[%clk 0:07:27]} g5 {[%clk 0:06:20]}
33. f4 {[%clk 0:06:30]} Rxc3 {[%clk 0:05:16]} 34. Rxc3 {[%clk 0:05:56]} Bxd4+
{[%clk 0:05:25]} 35. Rce3 {[%clk 0:05:12]} Qxf4 {[%clk 0:05:28]} 36. Qf3
{[%clk 0:05:15]} Nf5 {[%clk 0:03:28]} 37. Bxf5 {[%clk 0:04:55]} Rxe3
{[%clk 0:03:23]} 38. Rxe3 {[%clk 0:04:14]} Qxf3 {[%clk 0:03:07]} 39. gxf3
{[%clk 0:04:12]} Bxe3+ {[%clk 0:03:16]} 40. Kf1 {[%clk 0:04:19]} Kg7
{[%clk 0:03:25]} 41. Be4 {[%clk 0:04:27]} b5 {[%clk 0:03:04]} 42. Ke2
{[%clk 0:04:24]} Bc5 {[%clk 0:02:56]} 43. Kd3 {[%clk 0:04:16]} a5
{[%clk 0:02:39]} 44. Bc6 {[%clk 0:04:19]} b4 {[%clk 0:02:48]} 45. Ke4
{[%clk 0:04:24]} Kf6 {[%clk 0:02:42]} 46. Bd7 {[%clk 0:04:23]} Ke7
{[%clk 0:02:47]} 47. Bb5 {[%clk 0:04:31]} Kf6 {[%clk 0:02:30]} 48. Bd7
{[%clk 0:04:34]} Bb6 {[%clk 0:02:36]} 49. Kd5 {[%clk 0:04:35]} a4
{[%clk 0:01:59]} 50. Bxa4 {[%clk 0:04:08]} Kf5 {[%clk 0:02:08]} 51. Bc6
{[%clk 0:04:15]} Kf4 {[%clk 0:02:07]} 52. Kc4 {[%clk 0:04:23]} f5
{[%clk 0:01:58]} 53. Kxb4 {[%clk 0:04:25]} g4 {[%clk 0:01:47]} 54. fxg4
{[%clk 0:04:33]} fxg4 {[%clk 0:01:43]} 55. Kc4 {[%clk 0:04:42]} Ke3
{[%clk 0:01:47]} 56. Kd5 {[%clk 0:04:38]} Kf2 {[%clk 0:01:51]} 57. Ke5
{[%clk 0:04:42]} Kg3 {[%clk 0:01:14]} 58. Kf5 {[%clk 0:04:50]} Kh4
{[%clk 0:01:18]} 59. Kg6 {[%clk 0:04:57]} Be3 {[%clk 0:01:26]} 60. Kf5
{[%clk 0:04:18]} Kxh5 {[%clk 0:01:28]} 61. Ke4 {[%clk 0:04:27]} Bb6
{[%clk 0:01:30]} 62. Kd3 {[%clk 0:04:36]} Kh4 {[%clk 0:01:35]} 63. Ke2
{[%clk 0:04:45]} Kg3 {[%clk 0:01:34]} 64. Kf1 {[%clk 0:04:54]} h5
{[%clk 0:01:43]} 65. a4 {[%clk 0:04:56]} h4 {[%clk 0:01:35]} 66. a5
{[%clk 0:05:05]} Ba7 {[%clk 0:01:44]} 67. Bh1 {[%clk 0:05:08]} Kh2
{[%clk 0:01:50]} 68. Be4 {[%clk 0:05:16]} h3 {[%clk 0:01:58]} 69. Bd5
{[%clk 0:05:19]} g3 {[%clk 0:02:05]} 70. Bf3 {[%clk 0:05:18]} g2+
{[%clk 0:02:14]} 71. Bxg2 {[%clk 0:05:27]} hxg2+ {[%clk 0:02:22]} 72. Ke2
{[%clk 0:05:36]} g1=Q {[%clk 0:02:30]} 73. Kd3 {[%clk 0:05:44]} Qe3+
{[%clk 0:02:39]} 74. Kc4 {[%clk 0:05:52]} Qd4+ {[%clk 0:02:47]} 75. Kb3
{[%clk 0:06:00]} Qc5 {[%clk 0:02:53]} 76. a6 {[%clk 0:06:09]} Kg3
{[%clk 0:02:58]} 77. Kb2 {[%clk 0:06:18]} Kf2 {[%clk 0:03:07]} 78. Kb3
{[%clk 0:06:27]} Ke3 {[%clk 0:03:16]} 79. Kb2 {[%clk 0:06:35]} Kd2
{[%clk 0:03:25]} 80. Ka2 {[%clk 0:06:37]} Qc4+ {[%clk 0:03:29]} 81. Ka3
{[%clk 0:06:44]} Bc5+ {[%clk 0:03:37]} 82. Kb2 {[%clk 0:06:53]} Qc3+
{[%clk 0:03:46]} 83. Ka2 {[%clk 0:07:00]} Qa3+ {[%clk 0:03:53]} 84. Kb1
{[%clk 0:07:09]} Qb3+ {[%clk 0:04:02]} 85. Ka1 {[%clk 0:07:16]} 0-1

[Event "MCR druzstev mladsich zaku 2019"]
[Site "Trest"]
[Date "2019.06.14"]
[Round "2.4"]
[White "Day, Tobias"]
[Black "Ocko, Nikolas"]
[Result "1-0"]
[BlackElo "1089"]
[WhiteElo "1399"]
[LiveChessVersion "1.4.8"]

1. e4 {[%clk 0:25:17]} e5 {[%clk 0:25:17]} 2. Nf3 {[%clk 0:25:26]} Nc6
{[%clk 0:24:52]} 3. Bc4 {[%clk 0:25:32]} Bc5 {[%clk 0:24:19]} 4. d3
{[%clk 0:25:19]} Nf6 {[%clk 0:23:09]} 5. c3 {[%clk 0:25:18]} d5 {[%clk 0:21:34]}
6. exd5 {[%clk 0:23:24]} Nxd5 {[%clk 0:20:04]} 7. O-O {[%clk 0:16:10]} O-O
{[%clk 0:19:17]} 8. Re1 {[%clk 0:15:28]} Re8 {[%clk 0:17:26]} 9. Nbd2
{[%clk 0:13:31]} Bg4 {[%clk 0:16:42]} 10. b4 {[%clk 0:11:39]} Nxc3
{[%clk 0:14:45]} 11. Qb3 {[%clk 0:10:43]} Bd4 {[%clk 0:11:35]} 12. Bxf7+
{[%clk 0:08:20]} Kh8 {[%clk 0:10:23]} 13. Bxe8 {[%clk 0:06:26]} Qxe8 14. Nxd4
{[%clk 0:05:55]} Ne2+ {[%clk 0:07:35]} 15. Nxe2 {[%clk 0:05:41]} Bxe2 16. Rxe2
Nd4 {[%clk 0:06:33]} 17. Qd1 {[%clk 0:05:43]} Nxe2+ {[%clk 0:06:02]} 18. Qxe2
{[%clk 0:05:51]} Rd8 {[%clk 0:05:22]} 19. Bb2 {[%clk 0:05:32]} Rd5
{[%clk 0:04:59]} 20. Nc4 {[%clk 0:05:04]} Rb5 {[%clk 0:04:29]} 21. Bxe5
{[%clk 0:04:54]} Qg6 {[%clk 0:03:09]} 22. Qf3 {[%clk 0:04:17]} Qe8
{[%clk 0:02:11]} 23. Re1 {[%clk 0:04:18]} Kg8 {[%clk 0:01:18]} 24. h3
{[%clk 0:03:47]} Qf7 {[%clk 0:00:31]} 25. Qxf7+ {[%clk 0:03:42]} Kxf7
{[%clk 0:00:37]} 26. Bxc7 {[%clk 0:03:46]} Rxb4 {[%clk 0:00:39]} 27. Bd6
{[%clk 0:03:33]} Rb5 {[%clk 0:00:28]} 28. Bb8 {[%clk 0:03:12]} a6
{[%clk 0:00:26]} 29. Nd6+ {[%clk 0:03:19]} Kf6 {[%clk 0:00:16]} 30. Nxb5
{[%clk 0:03:27]} axb5 {[%clk 0:00:16]} 31. d4 {[%clk 0:03:34]} b4
{[%clk 0:00:17]} 32. d5 {[%clk 0:03:43]} b5 {[%clk 0:00:16]} 33. d6
{[%clk 0:03:52]} g5 {[%clk 0:00:00]} 34. d7 {[%clk 0:03:52]} 1-0

[Event "MCR druzstev mladsich zaku 2019"]
[Site "Trest"]
[Date "2019.06.14"]
[Round "2.5"]
[White "Filipova, Vanesa"]
[Black "Pressler, Tobias"]
[Result "0-1"]
[BlackElo "1402"]
[WhiteElo "1249"]
[LiveChessVersion "1.4.8"]

1. e4 {[%clk 0:25:16]} c5 {[%clk 0:25:12]} 2. Nf3 {[%clk 0:25:15]} Nc6
{[%clk 0:25:09]} 3. d4 {[%clk 0:25:06]} cxd4 {[%clk 0:25:00]} 4. Nxd4
{[%clk 0:24:53]} Nf6 {[%clk 0:24:53]} 5. Nc3 {[%clk 0:24:52]} g6 {[%clk 0:24:47]}
6. Bg5 {[%clk 0:23:22]} Bg7 {[%clk 0:24:48]} 7. Bb5 {[%clk 0:19:58]} Qb6
{[%clk 0:24:33]} 8. Nxc6 {[%clk 0:17:59]} bxc6 {[%clk 0:24:26]} 9. Bd3
{[%clk 0:17:25]} Qxb2 {[%clk 0:24:02]} 10. Ne2 {[%clk 0:16:20]} h6
{[%clk 0:19:08]} 11. Bf4 {[%clk 0:15:40]} Nxe4 {[%clk 0:15:46]} 12. Bxe4
{[%clk 0:13:40]} Qxa1 {[%clk 0:15:40]} 13. Qxa1 {[%clk 0:13:44]} Bxa1
{[%clk 0:15:47]} 14. c3 {[%clk 0:13:45]} Bb2 {[%clk 0:15:44]} 15. O-O
{[%clk 0:12:36]} Ba6 {[%clk 0:15:39]} 16. Bf3 {[%clk 0:12:26]} g5
{[%clk 0:15:29]} 17. Be5 {[%clk 0:12:16]} f6 {[%clk 0:15:37]} 18. Bd4
{[%clk 0:11:39]} e5 {[%clk 0:15:43]} 19. Bc5 {[%clk 0:11:21]} h5 {[%clk 0:15:48]}
20. Rb1 {[%clk 0:10:12]} Bxe2 {[%clk 0:15:46]} 21. Bxe2 {[%clk 0:09:16]} Bxc3
{[%clk 0:15:52]} 22. Rc1 {[%clk 0:09:04]} Bd4 {[%clk 0:15:42]} 23. Bd6
{[%clk 0:09:03]} Kf7 {[%clk 0:15:23]} 24. Bc4+ {[%clk 0:08:53]} Kg7
{[%clk 0:15:26]} 25. g3 {[%clk 0:07:31]} f5 {[%clk 0:15:28]} 26. Be7
{[%clk 0:06:34]} Kg6 {[%clk 0:15:05]} 27. h3 {[%clk 0:05:56]} d5 {[%clk 0:15:09]}
28. Ba6 {[%clk 0:05:58]} Rhe8 {[%clk 0:15:13]} 29. Bb4 {[%clk 0:05:36]} Re6
{[%clk 0:15:16]} 30. a3 {[%clk 0:04:35]} c5 {[%clk 0:15:23]} 31. Bb7
{[%clk 0:04:08]} Rb8 {[%clk 0:15:28]} 32. Bxd5 {[%clk 0:04:00]} Rd6
{[%clk 0:15:36]} 33. Bxc5 {[%clk 0:03:03]} Rxd5 {[%clk 0:15:43]} 34. Bxd4
{[%clk 0:02:48]} Rxd4 {[%clk 0:15:51]} 35. Rc6+ {[%clk 0:02:53]} Kf7
{[%clk 0:15:59]} 36. Rc7+ {[%clk 0:03:01]} Ke6 {[%clk 0:16:08]} 37. Rh7
{[%clk 0:02:41]} Rb1+ {[%clk 0:16:09]} 38. Kg2 {[%clk 0:02:47]} e4
{[%clk 0:16:08]} 39. Rxh5 {[%clk 0:02:40]} Rdd1 {[%clk 0:16:16]} 40. Rh6+
{[%clk 0:01:40]} Ke5 {[%clk 0:16:24]} 41. h4 {[%clk 0:00:22]} Rg1+
{[%clk 0:16:32]} 42. Kh2 {[%clk 0:00:16]} Rh1+ {[%clk 0:16:40]} 43. Kg2
{[%clk 0:00:23]} Rbg1# 0-1

[Event "MCR druzstev mladsich zaku 2019"]
[Site "Trest"]
[Date "2019.06.14"]
[Round "2.6"]
[White "Sehnoutkova, Laura"]
[Black "Kozusnikova, Daniela"]
[Result "1-0"]
[BlackElo "1313"]
[WhiteElo "1062"]
[LiveChessVersion "1.4.8"]

1. e4 {[%clk 0:25:19]} e5 {[%clk 0:25:15]} 2. Nf3 {[%clk 0:25:27]} Nf6
{[%clk 0:25:17]} 3. Nxe5 {[%clk 0:25:08]} d6 4. Nf3 {[%clk 0:25:07]} Nxe4
{[%clk 0:25:18]} 5. Bd3 {[%clk 0:24:59]} d5 {[%clk 0:24:59]} 6. Qe2
{[%clk 0:24:30]} Qe7 {[%clk 0:24:36]} 7. h3 {[%clk 0:23:52]} Nc6 {[%clk 0:24:25]}
8. Nc3 {[%clk 0:21:59]} Nxc3 {[%clk 0:23:58]} 9. Qxe7+ {[%clk 0:22:06]} Bxe7
{[%clk 0:23:46]} 10. dxc3 {[%clk 0:22:12]} O-O {[%clk 0:23:40]} 11. O-O
{[%clk 0:22:20]} Re8 {[%clk 0:23:18]} 12. Re1 {[%clk 0:22:28]} Bd7
{[%clk 0:22:54]} 13. Bg5 {[%clk 0:21:36]} Bxg5 {[%clk 0:21:50]} 14. Nxg5
{[%clk 0:21:42]} h6 {[%clk 0:21:16]} 15. Nf3 {[%clk 0:21:38]} a6 {[%clk 0:18:21]}
16. c4 {[%clk 0:21:20]} dxc4 {[%clk 0:17:30]} 17. Bxc4 {[%clk 0:21:27]} Nb4
{[%clk 0:17:06]} 18. Bb3 {[%clk 0:21:20]} Bf5 {[%clk 0:16:26]} 19. c3
{[%clk 0:20:52]} Nd3 {[%clk 0:15:56]} 20. Rxe8+ {[%clk 0:20:13]} Rxe8
{[%clk 0:16:02]} 21. Bc2 {[%clk 0:20:07]} Bg6 {[%clk 0:15:18]} 22. Bxd3
{[%clk 0:19:14]} Bxd3 {[%clk 0:15:21]} 23. Rd1 {[%clk 0:19:22]} Be4
{[%clk 0:14:36]} 24. Re1 {[%clk 0:19:17]} Kf8 {[%clk 0:14:23]} 25. Nd4
{[%clk 0:18:31]} c5 {[%clk 0:13:20]} 26. Nb3 {[%clk 0:17:32]} b6 {[%clk 0:12:37]}
27. f3 {[%clk 0:17:35]} Bc2 {[%clk 0:12:23]} 28. Rxe8+ {[%clk 0:17:34]} Kxe8
{[%clk 0:12:18]} 29. Nd2 {[%clk 0:17:43]} Ke7 {[%clk 0:12:00]} 30. Kf2
{[%clk 0:17:51]} Ke6 {[%clk 0:11:56]} 31. Ke3 {[%clk 0:17:50]} Ke5
{[%clk 0:11:51]} 32. Nc4+ {[%clk 0:17:41]} Ke6 {[%clk 0:11:05]} 33. Nxb6
{[%clk 0:17:46]} f5 {[%clk 0:10:34]} 34. Nc4 {[%clk 0:17:32]} Kd5
{[%clk 0:10:12]} 35. Na3 {[%clk 0:17:12]} Ba4 {[%clk 0:09:45]} 36. b3
{[%clk 0:16:42]} Bc6 {[%clk 0:09:26]} 37. Ke2 {[%clk 0:13:29]} f4
{[%clk 0:09:01]} 38. Nc4 {[%clk 0:11:38]} g5 {[%clk 0:08:03]} 39. a4
{[%clk 0:11:23]} h5 {[%clk 0:07:51]} 40. Na5 {[%clk 0:10:41]} Bd7
{[%clk 0:07:28]} 41. Nc4 {[%clk 0:09:14]} Bf5 {[%clk 0:06:21]} 42. Nd2
{[%clk 0:07:53]} h4 {[%clk 0:05:46]} 43. Nc4 {[%clk 0:05:39]} Ke6
{[%clk 0:05:08]} 44. Nb2 {[%clk 0:05:29]} Kd5 {[%clk 0:04:51]} 45. Nd3
{[%clk 0:05:09]} c4 {[%clk 0:04:18]} 46. bxc4+ {[%clk 0:03:10]} Kxc4
{[%clk 0:04:26]} 47. Nb4 {[%clk 0:03:13]} a5 {[%clk 0:04:30]} 48. Nc6
{[%clk 0:03:17]} Kxc3 {[%clk 0:04:22]} 49. Nxa5 {[%clk 0:03:24]} Kb4
{[%clk 0:04:29]} 50. Nc6+ {[%clk 0:03:32]} Kxa4 {[%clk 0:04:30]} 51. Nd4
{[%clk 0:03:35]} Bg6 {[%clk 0:04:35]} 52. Ne6 {[%clk 0:03:43]} Kb4
{[%clk 0:04:15]} 53. Nxg5 Bf5 {[%clk 0:03:57]} 54. Ne4 {[%clk 0:03:53]} Kc4
{[%clk 0:04:09]} 55. Nd6+ {[%clk 0:04:02]} Kd5 {[%clk 0:04:16]} 56. Nxf5
{[%clk 0:04:11]} Ke6 {[%clk 0:04:16]} 57. Nxh4 {[%clk 0:04:19]} Kf6
{[%clk 0:04:18]} 58. Kf2 {[%clk 0:04:25]} Kg5 {[%clk 0:04:06]} 59. g3
{[%clk 0:04:34]} fxg3+ {[%clk 0:04:03]} 60. Kxg3 {[%clk 0:04:43]} Kf6
{[%clk 0:04:07]} 61. f4 {[%clk 0:04:51]} Kf7 {[%clk 0:04:13]} 62. Nf3
{[%clk 0:04:59]} Kg6 {[%clk 0:04:18]} 63. h4 {[%clk 0:05:08]} Kf6
{[%clk 0:04:17]} 64. Kg4 {[%clk 0:05:16]} Kg6 65. h5+ Kh6 {[%clk 0:04:27]} 66. f5
{[%clk 0:05:34]} Kh7 {[%clk 0:04:34]} 67. Kg5 {[%clk 0:05:40]} Kg8
{[%clk 0:04:39]} 68. Nd4 {[%clk 0:05:39]} Kh7 {[%clk 0:04:44]} 69. Kf6
{[%clk 0:05:36]} Kh6 {[%clk 0:04:44]} 70. Kf7 {[%clk 0:05:38]} Kh7
{[%clk 0:04:41]} 71. Nf3 {[%clk 0:05:17]} Kh6 {[%clk 0:04:44]} 72. Ke7
{[%clk 0:05:23]} Kg7 {[%clk 0:04:45]} 73. f6+ {[%clk 0:05:30]} Kh7
{[%clk 0:04:47]} 74. f7 {[%clk 0:05:36]} Kh6 {[%clk 0:04:38]} 75. f8=R Kh7
{[%clk 0:04:43]} 76. Ng5+ {[%clk 0:05:33]} Kh6 {[%clk 0:04:47]} 77. Ne4
{[%clk 0:05:37]} Kg7 {[%clk 0:04:50]} 78. h6+ {[%clk 0:05:43]} Kh7
{[%clk 0:04:54]} 79. Kf7 {[%clk 0:05:44]} Kxh6 {[%clk 0:04:57]} 80. Kf6
{[%clk 0:05:52]} Kh7 {[%clk 0:05:00]} 81. Kf7 {[%clk 0:06:01]} Kh6
{[%clk 0:05:06]} 82. Rg8 {[%clk 0:06:09]} Kh7 {[%clk 0:05:11]} 83. Nd6
{[%clk 0:06:09]} Kh6 {[%clk 0:05:15]} 84. Rg1 {[%clk 0:06:03]} Kh5
{[%clk 0:05:20]} 85. Kf6 {[%clk 0:06:04]} Kh4 {[%clk 0:05:28]} 86. Rg8
{[%clk 0:06:11]} Kh5 {[%clk 0:05:32]} 87. Nf7 {[%clk 0:06:14]} Kh4
{[%clk 0:05:38]} 88. Kf5 {[%clk 0:06:22]} Kh3 {[%clk 0:05:46]} 89. Kf4
{[%clk 0:06:31]} Kh2 {[%clk 0:05:55]} 90. Kf3 {[%clk 0:06:40]} Kh1
{[%clk 0:05:55]} 91. Kf2 {[%clk 0:06:49]} Kh2 {[%clk 0:06:04]} 92. Rh8# 1-0

[Event "MCR druzstev mladsich zaku 2019"]
[Site "Trest"]
[Date "2019.06.14"]
[Round "2.7"]
[White "Brozka, Karel"]
[Black "Janous, Marek"]
[Result "0-1"]
[BlackElo "1427"]
[WhiteElo "1717"]
[LiveChessVersion "1.4.8"]

1. d4 Nf6 {[%clk 0:25:18]} 2. Nf3 {[%clk 0:25:24]} g6 {[%clk 0:25:26]} 3. Bf4
{[%clk 0:25:31]} Bg7 {[%clk 0:25:34]} 4. Nbd2 {[%clk 0:25:25]} O-O
{[%clk 0:25:00]} 5. e4 {[%clk 0:25:14]} d6 {[%clk 0:24:57]} 6. Bd3
{[%clk 0:25:05]} Nbd7 {[%clk 0:24:37]} 7. O-O {[%clk 0:24:48]} c5
{[%clk 0:24:37]} 8. c3 {[%clk 0:23:52]} a6 {[%clk 0:19:32]} 9. a4
{[%clk 0:23:15]} cxd4 {[%clk 0:19:12]} 10. cxd4 {[%clk 0:23:04]} Re8
{[%clk 0:15:39]} 11. Qb3 {[%clk 0:18:38]} Qb6 {[%clk 0:14:22]} 12. Rac1
{[%clk 0:16:30]} Qxb3 {[%clk 0:14:10]} 13. Nxb3 {[%clk 0:16:39]} e5
{[%clk 0:13:44]} 14. dxe5 {[%clk 0:16:33]} dxe5 {[%clk 0:13:44]} 15. Be3
{[%clk 0:15:16]} Ng4 {[%clk 0:13:08]} 16. Bc5 {[%clk 0:12:28]} Nxc5
{[%clk 0:12:40]} 17. Nxc5 {[%clk 0:11:14]} b6 {[%clk 0:11:15]} 18. Nb3
{[%clk 0:11:16]} Bd7 {[%clk 0:11:02]} 19. a5 {[%clk 0:11:02]} Be6
{[%clk 0:11:04]} 20. Bc4 {[%clk 0:10:49]} Bxc4 21. Rxc4 {[%clk 0:10:58]} b5
{[%clk 0:11:03]} 22. Rc7 {[%clk 0:10:35]} Nf6 23. Nfd2 {[%clk 0:09:40]} Bh6
{[%clk 0:10:37]} 24. Rc6 {[%clk 0:07:07]} Kg7 {[%clk 0:10:20]} 25. Re1
{[%clk 0:05:56]} Rec8 {[%clk 0:08:31]} 26. Rxc8 {[%clk 0:04:14]} Rxc8
{[%clk 0:08:17]} 27. Nf3 {[%clk 0:04:17]} Rc2 {[%clk 0:08:04]} 28. Nxe5
{[%clk 0:04:07]} Rxb2 {[%clk 0:08:12]} 29. Nc5 {[%clk 0:04:15]} Bd2
{[%clk 0:07:58]} 30. Ra1 {[%clk 0:02:40]} Bc3 {[%clk 0:06:55]} 31. Nc6 Rc2
{[%clk 0:06:41]} 32. Rb1 {[%clk 0:00:57]} Bxa5 {[%clk 0:06:08]} 33. Nxa5
{[%clk 0:00:45]} Rxc5 {[%clk 0:06:16]} 34. f3 {[%clk 0:00:53]} Nd7
{[%clk 0:06:03]} 35. Kf2 {[%clk 0:00:40]} Nb6 {[%clk 0:06:05]} 36. Nb3
{[%clk 0:00:37]} Rc2+ {[%clk 0:06:12]} 37. Kg3 {[%clk 0:00:25]} Na4
{[%clk 0:05:29]} 38. Nd4 {[%clk 0:00:25]} Rd2 {[%clk 0:04:20]} 39. Rb4
{[%clk 0:00:11]} a5 {[%clk 0:01:56]} 40. Nb3 {[%clk 0:00:21]} Rxg2+
{[%clk 0:02:02]} 41. Kxg2 {[%clk 0:00:27]} axb4 {[%clk 0:02:11]} 42. Kf2
{[%clk 0:00:28]} Nc3 {[%clk 0:01:25]} 43. Ke3 {[%clk 0:00:32]} h5
{[%clk 0:00:42]} 44. Kd4 {[%clk 0:00:30]} Ne2+ {[%clk 0:00:36]} 45. Kc5
{[%clk 0:00:25]} Kf6 {[%clk 0:00:36]} 46. Kxb4 {[%clk 0:00:25]} Ng1
{[%clk 0:00:36]} 47. Nd2 {[%clk 0:00:25]} Ke5 {[%clk 0:00:41]} 48. Kxb5
{[%clk 0:00:25]} Kf4 {[%clk 0:00:50]} 49. Kc4 {[%clk 0:00:33]} Nxf3
{[%clk 0:00:33]} 50. Nf1 g5 {[%clk 0:00:33]} 51. h3 {[%clk 0:00:29]} Ng1
{[%clk 0:00:39]} 52. Kd3 {[%clk 0:00:34]} h4 {[%clk 0:00:39]} 53. e5
{[%clk 0:00:34]} Kxe5 {[%clk 0:00:32]} 54. Ke3 {[%clk 0:00:43]} Nxh3
{[%clk 0:00:41]} 55. Kf3 {[%clk 0:00:52]} f5 {[%clk 0:00:46]} 56. Ne3
{[%clk 0:00:55]} Ng1+ {[%clk 0:00:22]} 57. Kf2 {[%clk 0:00:57]} Ke4
{[%clk 0:00:30]} 58. Nf1 {[%clk 0:00:52]} Nh3+ {[%clk 0:00:38]} 59. Kg2
{[%clk 0:01:01]} Nf4+ {[%clk 0:00:45]} 60. Kf2 {[%clk 0:01:11]} Nd3+
{[%clk 0:00:51]} 61. Kg2 {[%clk 0:01:19]} g4 {[%clk 0:00:55]} 62. Nd2+
{[%clk 0:01:25]} Kf4 {[%clk 0:01:03]} 63. Nf1 {[%clk 0:01:31]} h3+
{[%clk 0:00:55]} 64. Kh2 {[%clk 0:01:32]} Ne5 {[%clk 0:01:03]} 65. Kg1
{[%clk 0:01:25]} g3 {[%clk 0:01:12]} 66. Nd2 {[%clk 0:01:30]} Nf3+
{[%clk 0:01:21]} 0-1

[Event "MCR druzstev mladsich zaku 2019"]
[Site "Trest"]
[Date "2019.06.14"]
[Round "2.8"]
[White "Mametev, Artem"]
[Black "Bouska, Jiri"]
[Result "0-1"]
[BlackElo "1383"]
[WhiteElo "1349"]
[LiveChessVersion "1.4.8"]

1. e4 {[%clk 0:25:13]} c5 {[%clk 0:25:14]} 2. d4 {[%clk 0:25:20]} cxd4
{[%clk 0:25:19]} 3. Nf3 {[%clk 0:25:29]} Nc6 {[%clk 0:25:24]} 4. Nxd4
{[%clk 0:25:34]} e6 5. Be3 {[%clk 0:24:52]} Nf6 {[%clk 0:25:25]} 6. Bd3
{[%clk 0:24:20]} Be7 {[%clk 0:25:20]} 7. Nc3 {[%clk 0:24:15]} O-O
{[%clk 0:25:20]} 8. e5 {[%clk 0:24:21]} Nxe5 9. O-O {[%clk 0:23:41]} d5
{[%clk 0:24:46]} 10. h3 {[%clk 0:23:07]} Nxd3 {[%clk 0:24:33]} 11. Qxd3
{[%clk 0:23:15]} e5 {[%clk 0:24:42]} 12. Nf5 {[%clk 0:20:55]} Bxf5
{[%clk 0:24:45]} 13. Qxf5 {[%clk 0:21:02]} d4 {[%clk 0:24:53]} 14. Rad1
{[%clk 0:20:07]} Qc7 {[%clk 0:23:53]} 15. Nb5 {[%clk 0:19:02]} Qc5
{[%clk 0:23:31]} 16. Nxd4 {[%clk 0:14:30]} exd4 {[%clk 0:23:31]} 17. Qxc5
{[%clk 0:14:14]} Bxc5 {[%clk 0:23:38]} 18. Bxd4 {[%clk 0:14:21]} Bxd4
{[%clk 0:23:46]} 19. Rxd4 {[%clk 0:14:28]} Rac8 {[%clk 0:23:49]} 20. c3 Rfd8
{[%clk 0:23:27]} 21. Rfd1 {[%clk 0:14:19]} Rxd4 {[%clk 0:23:25]} 22. Rxd4
{[%clk 0:14:27]} Kf8 23. g4 {[%clk 0:14:22]} Ke7 {[%clk 0:23:16]} 24. g5
{[%clk 0:13:43]} Nd7 {[%clk 0:23:13]} 25. Rh4 {[%clk 0:12:41]} Rc5
{[%clk 0:21:47]} 26. f4 h6 {[%clk 0:21:29]} 27. gxh6 {[%clk 0:12:36]} gxh6
{[%clk 0:21:37]} 28. Rxh6 {[%clk 0:12:40]} Rd5 {[%clk 0:21:39]} 29. Kf1
{[%clk 0:11:42]} Rd1+ {[%clk 0:21:46]} 30. Ke2 {[%clk 0:11:49]} Rb1 31. b4
{[%clk 0:11:26]} Rb2+ {[%clk 0:21:53]} 32. Kd3 {[%clk 0:11:34]} Rxa2
{[%clk 0:22:01]} 33. h4 {[%clk 0:11:23]} Rh2 {[%clk 0:21:56]} 34. Rh8
{[%clk 0:11:01]} Rh3+ {[%clk 0:21:21]} 35. Kd4 {[%clk 0:11:04]} Nf8
{[%clk 0:21:21]} 36. c4 {[%clk 0:11:00]} Ng6 {[%clk 0:21:24]} 37. Rb8
{[%clk 0:11:02]} Rxh4 {[%clk 0:21:00]} 38. Rxb7+ {[%clk 0:11:04]} Ke6
{[%clk 0:21:02]} 39. Rxa7 {[%clk 0:10:58]} Rxf4+ {[%clk 0:21:07]} 40. Kc5
{[%clk 0:11:04]} Ne5 {[%clk 0:21:13]} 41. Ra6+ {[%clk 0:11:00]} Kf5
{[%clk 0:21:02]} 42. Kd5 {[%clk 0:09:21]} Rxc4 {[%clk 0:20:49]} 43. b5
{[%clk 0:08:47]} Rc8 {[%clk 0:20:24]} 44. Rd6 {[%clk 0:05:13]} f6
{[%clk 0:15:34]} 45. b6 {[%clk 0:04:51]} Nc4 {[%clk 0:15:30]} 46. Re6
{[%clk 0:01:22]} Rd8+ {[%clk 0:15:27]} 47. Kxc4 {[%clk 0:00:11]} Kxe6
{[%clk 0:15:32]} 48. Kb5 {[%clk 0:00:19]} f5 {[%clk 0:15:41]} 49. Ka6
{[%clk 0:00:26]} f4 {[%clk 0:15:51]} 50. Ka7 {[%clk 0:00:31]} f3 {[%clk 0:15:59]}
51. Kb7 {[%clk 0:00:13]} f2 {[%clk 0:16:06]} 52. Kc7 {[%clk 0:00:20]} Rd7+
{[%clk 0:16:12]} 53. Kc8 {[%clk 0:00:13]} f1=Q {[%clk 0:16:13]} 54. Kb8
{[%clk 0:00:18]} Qf8# {[%clk 0:16:15]} 0-1

[Event "MCR druzstev mladsich zaku 2019"]
[Site "Trest"]
[Date "2019.06.14"]
[Round "2.9"]
[White "Janouskova, Adela"]
[Black "Trhlik, Samuel"]
[Result "1-0"]
[BlackElo "1075"]
[WhiteElo "1151"]
[LiveChessVersion "1.4.8"]

1. e4 {[%clk 0:25:17]} c5 {[%clk 0:23:27]} 2. c3 {[%clk 0:25:00]} Nc6
{[%clk 0:22:11]} 3. d4 {[%clk 0:24:52]} cxd4 {[%clk 0:21:45]} 4. cxd4
{[%clk 0:25:00]} g6 {[%clk 0:21:27]} 5. Nc3 {[%clk 0:24:36]} Bg7 {[%clk 0:21:14]}
6. Nf3 {[%clk 0:24:39]} Nf6 {[%clk 0:19:09]} 7. Bc4 {[%clk 0:20:50]} O-O
{[%clk 0:18:37]} 8. e5 {[%clk 0:17:17]} Ng4 {[%clk 0:16:41]} 9. h3
{[%clk 0:16:02]} Nh6 {[%clk 0:16:28]} 10. O-O {[%clk 0:14:13]} Nf5
{[%clk 0:13:51]} 11. Bf4 {[%clk 0:10:59]} d6 {[%clk 0:10:44]} 12. Re1
{[%clk 0:08:22]} Re8 {[%clk 0:08:23]} 13. Rc1 {[%clk 0:06:01]} Qc7
{[%clk 0:05:09]} 14. exd6 {[%clk 0:04:58]} Nxd6 {[%clk 0:05:08]} 15. Nb5
{[%clk 0:04:25]} Bf5 {[%clk 0:03:37]} 16. Nxc7 {[%clk 0:04:21]} Nxc4
{[%clk 0:02:51]} 17. Rxc4 {[%clk 0:04:10]} Na5 {[%clk 0:02:00]} 18. Rc1
{[%clk 0:04:05]} Nc6 {[%clk 0:01:01]} 19. Nxa8 {[%clk 0:04:03]} Rxa8
{[%clk 0:01:05]} 20. Be5 {[%clk 0:03:27]} f6 {[%clk 0:01:03]} 21. Bg3
{[%clk 0:03:28]} Bh6 {[%clk 0:00:46]} 22. Rc3 {[%clk 0:03:22]} Rd8
{[%clk 0:00:25]} 23. Qa4 {[%clk 0:02:03]} 1-0